UBT Library

Countries and concepts : (Record no. 44220)

000 -LEADER
fixed length control field 00755cam a2200229 a 4500
001 - CONTROL NUMBER
control field 12001484
005 - DATE AND TIME OF LATEST TRANSACTION
control field 20180306091059.0
008 - FIXED-LENGTH DATA ELEMENTS--GENERAL INFORMATION
fixed length control field 000509s2001 njua b 001 0 eng
010 ## - LIBRARY OF CONGRESS CONTROL NUMBER
LC control number 00034662
020 ## - INTERNATIONAL STANDARD BOOK NUMBER
International Standard Book Number 0130867586
040 ## - CATALOGING SOURCE
Original cataloging agency DLC
Transcribing agency DLC
Modifying agency DLC
041 ## - LANGUAGE CODE
Language code of text/sound track or separate title eng
080 ## - UNIVERSAL DECIMAL CLASSIFICATION NUMBER
Universal Decimal Classification number 320.3 ROS
082 00 - DEWEY DECIMAL CLASSIFICATION NUMBER
Classification number 320.3 ROS
Edition number 21
100 1# - Rafti
Rafti 22
101 ## - Shkurtesa
Shkurtesa POL
245 10 - TITLE STATEMENT
Title Countries and concepts :
Statement of responsibility, etc Michael G. Roskin.
504 ## - BIBLIOGRAPHY, ETC. NOTE
Bibliography, etc Includes bibliographical references and index.
906 ## - LOCAL DATA ELEMENT F, LDF (RLIN)
a 7
b cbc
c orignew
d 1
e ocip
f 20
g y-gencatlg
942 ## - ADDED ENTRY ELEMENTS (KOHA)
Source of classification or shelving scheme
Item type Books

No items available.

UBT Library © 2015-2024. All rights reserved University Education for Business and Technology